TECHNIQES IN BIOCHEMISTRY (Record no. 7086)

MARC details
000 -LEADER
fixed length control field 00260nam a2200121Ia 4500
082 ## - DEWEY DECIMAL CLASSIFICATION NUMBER
Classification number 612.015
Item number T10D
100 ## - MAIN ENTRY--PERSONAL NAME
Personal name DEVASENA, T
245 ## - TITLE STATEMENT
Title TECHNIQES IN BIOCHEMISTRY
260 ## - PUBLICATION, DISTRIBUTION, ETC. (IMPRINT)
Name of publisher, distributor, etc AHYA PUB. HOUSE
300 ## - PAGE DESCRIPTION
No. of Pages 192
650 ## - SUBJECT ADDED ENTRY--TOPICAL TERM
Topical term or geographic name as entry element BIOCGHEMISTRY
942 ## - ADDED ENTRY ELEMENTS (KOHA)
Source of classification or shelving scheme Dewey Decimal Classification
Koha item type Books
Holdings
Withdrawn status Lost status Source of classification or shelving scheme Damaged status Not for loan Collection code Home library Current library Date acquired Vendor Name Cost, normal purchase price SGTU Bill Number Total Checkouts Full call number Accession No. (Barcode) Date last seen Bill Date Koha item type
    Dewey Decimal Classification     PHARMACY SGT FA-FP Library SGT FA-FP Library 02/07/2015 ABC DELHI 295.00 SGTU 492   612.015 T10D FP256 15/03/2021 24/11/2014 Books
    Dewey Decimal Classification     PHARMACY SGT FA-FP Library SGT FA-FP Library 02/07/2015 ABC DELHI 295.00 SGTU 492   612.015 T10D FP257 02/07/2015 24/11/2014 Books
    Dewey Decimal Classification     PHARMACY SGT FA-FP Library SGT FA-FP Library 02/07/2015 ABC DELHI 295.00 SGTU 492   612.015 T10D FP258 02/07/2015 24/11/2014 Books
    Dewey Decimal Classification     PHARMACY SGT FA-FP Library SGT FA-FP Library 02/07/2015 ABC DELHI 295.00 SGTU 492   612.015 T10D FP259 02/07/2015 24/11/2014 Books
    Dewey Decimal Classification     PHARMACY SGT FA-FP Library SGT FA-FP Library 02/07/2015 ABC DELHI 295.00 SGTU 492   612.015 T10D FP260 02/07/2015 24/11/2014 Books